[Event "0MCR_3DE_1L_3S"]
[Site "?"]
[Date "2003.??.??"]
[Round "?"]
[White "Schwarz, Jan"]
[Black "Prchly, Milos"]
[Result "1/2-1/2"]
[WhiteElo "2230"]
[BlackElo "2270"]
[PlyCount "53"]
[EventDate "2003.??.??"]
[EventType "corr"]
[EventRounds "2"]
[SourceDate "2004.06.03"]

1. e4 e5 2. Nf3 Nf6 3. d4 Nxe4 4. Bd3 d5 5. Nxe5 Bd6 6. O-O O-O 7. c4 Bxe5 8.
dxe5 Nc6 9. cxd5 Qxd5 10. Qc2 Nb4 11. Bxe4 Nxc2 12. Bxd5 Bf5 13. g4 Bxg4 14.
Be4 Nxa1 15. Bf4 f5 16. Bd5+ Kh8 17. Rc1 c6 18. Bg2 Rfd8 19. Nc3 Rd4 20. Be3
Rb4 21. Rxa1 Rxb2 22. a4 a5 23. f4 Rd8 24. Bf1 h6 25. Re1 Rb3 26. Rc1 Rb2 27.
h3 1/2-1/2

[Event "0MCR_3DE_1L_3S"]
[Site "?"]
[Date "2003.??.??"]
[Round "?"]
[White "Schwarz, Jan"]
[Black "Schauer, Jiri"]
[Result "1-0"]
[WhiteElo "2230"]
[BlackElo "2140"]
[PlyCount "77"]
[EventDate "2003.??.??"]
[EventType "corr"]
[EventRounds "2"]
[SourceDate "2004.06.03"]

1. e4 e5 2. Nf3 Nc6 3. d4 exd4 4. Nxd4 Nf6 5. Nxc6 bxc6 6. e5 Qe7 7. Qe2 Nd5 8.
c4 Ba6 9. b3 Qh4 10. a3 Bc5 11. g3 Bxf2+ 12. Qxf2 Qe4+ 13. Kd1 Qxh1 14. Nd2
Nc3+ 15. Kc2 Ne4 16. Nxe4 Qxe4+ 17. Bd3 Qxe5 18. Bb2 Qg5 19. h4 Qh6 20. Re1+
Kf8 21. Bf5 Re8 22. Rxe8+ Kxe8 23. Qxa7 Bc8 24. Qxc7 Ke7 25. Qe5+ Kf8 26. Qd4
Ke8 27. h5 Qg5 28. Qe5+ Qe7 29. Qxg7 Rf8 30. Qxh7 Qe2+ 31. Kb1 Ke7 32. Bc2 d5
33. Bd4 Qf1+ 34. Kb2 Re8 35. Qg7 Be6 36. Qe5 Kd7 37. Bb6 Rc8 38. Bc5 Rd8 39.
Qd6+ 1-0

[Event "0MCR_3DE_1L_3S"]
[Site "?"]
[Date "2003.??.??"]
[Round "?"]
[White "Schwarz, Jan"]
[Black "Stancl, Vladimir"]
[Result "1-0"]
[WhiteElo "2230"]
[BlackElo "2285"]
[PlyCount "51"]
[EventDate "2003.??.??"]
[EventType "corr"]
[EventRounds "2"]
[SourceDate "2004.06.03"]

1. e4 Nc6 2. Nf3 d6 3. d4 Nf6 4. Nc3 g6 5. Be2 Bg7 6. O-O O-O 7. d5 Nb8 8. a4
c6 9. a5 Nbd7 10. Re1 Qc7 11. Bf4 Ne5 12. Qd2 cxd5 13. exd5 Rd8 14. Nb5 Qc5 15.
Nxe5 dxe5 16. Be3 Qxd5 17. Qc3 Be6 18. Red1 Qe4 19. Nc7 Rac8 20. Nxe6 fxe6 21.
Rxd8+ Rxd8 22. f3 Qh4 23. Qc7 Rd7 24. Qb8+ Kf7 25. Bb5 Rd5 26. c4 1-0

[Event "0MCR_3DE_1L_3S"]
[Site "?"]
[Date "2003.??.??"]
[Round "?"]
[White "Schwarz, Jan"]
[Black "Toman, Antonin"]
[Result "1-0"]
[WhiteElo "2230"]
[BlackElo "2205"]
[PlyCount "125"]
[EventDate "2003.??.??"]
[EventType "corr"]
[EventRounds "2"]
[SourceDate "2004.06.03"]

1. e4 c5 2. Nf3 a6 3. c3 d6 4. d4 Nd7 5. Bd3 b5 6. O-O Bb7 7. Re1 c4 8. Bc2 e5
9. b3 cxb3 10. axb3 Ngf6 11. Nbd2 Be7 12. Nh4 g6 13. Nhf3 O-O 14. c4 b4 15. Bb2
Qc7 16. Nf1 Rfe8 17. Ng3 a5 18. Qd2 Bf8 19. Ra2 Bg7 20. Rd1 Ra6 21. Raa1 Qc8
22. Re1 exd4 23. Nxd4 Ng4 24. Ra2 Qc5 25. Ba1 Bh6 26. Qd1 Nge5 27. Nb5 Qb6 28.
Nf1 Nc5 29. Ne3 Bf4 30. Bd4 Raa8 31. Kh1 Re7 32. Nd5 Bxd5 33. exd5 Rae8 34. g3
Bg5 35. f4 Ned7 36. Rxe7 Bxe7 37. Qa1 Bd8 38. f5 Ne5 39. Qf1 Bg5 40. h4 Bh6 41.
fxg6 hxg6 42. Qf6 Bf8 43. h5 Qd8 44. Qxd8 Rxd8 45. Rxa5 gxh5 46. Nxd6 Bxd6 47.
Bxc5 Bxc5 48. Rxc5 Kg7 49. Rb5 Ra8 50. d6 Kf6 51. Be4 Ra7 52. Bb7 Ra1+ 53. Kg2
Rd1 54. Bd5 Rd2+ 55. Kf1 Rd3 56. Rxb4 Rxg3 57. c5 Rd3 58. Bb7 Ke6 59. Re4 f5
60. Rf4 Rxb3 61. Bc8+ Kd5 62. Rxf5 Kd4 63. d7 1-0

[Event "0MCR_3DE_1L_3S"]
[Site "?"]
[Date "2003.??.??"]
[Round "?"]
[White "Stancl, Vladimir"]
[Black "Binas, Jindrich"]
[Result "1-0"]
[WhiteElo "2285"]
[BlackElo "2220"]
[PlyCount "63"]
[EventDate "2003.??.??"]
[EventType "corr"]
[EventRounds "2"]
[SourceDate "2004.06.03"]

1. Nf3 d5 2. g3 c6 3. Bg2 Bg4 4. O-O Nd7 5. d3 e6 6. Nbd2 Bd6 7. e4 Ne7 8. d4
O-O 9. h3 Bxf3 10. Nxf3 dxe4 11. Ng5 e3 12. Bxe3 Nf5 13. Qd3 Nf6 14. Bd2 Be7
15. Nf3 h5 16. b4 Qc7 17. c4 Rad8 18. Rfe1 g6 19. a4 Rd7 20. Bf4 Qd8 21. Rab1
a5 22. bxa5 Qxa5 23. Qb3 Rfd8 24. Bd2 Qa7 25. Bc3 Rc7 26. a5 Nd7 27. Rbd1 Nf6
28. Qb6 Qxb6 29. axb6 Rcc8 30. Ra1 Kg7 31. Ra7 Rb8 32. d5 1-0

[Event "0MCR_3DE_1L_3S"]
[Site "?"]
[Date "2003.??.??"]
[Round "?"]
[White "Stancl, Vladimir"]
[Black "Hlavacek, Ladislav"]
[Result "1-0"]
[WhiteElo "2285"]
[BlackElo "2085"]
[PlyCount "53"]
[EventDate "2003.??.??"]
[EventType "corr"]
[EventRounds "2"]
[SourceDate "2004.06.03"]

1. d4 d5 2. c4 Nf6 3. Nf3 dxc4 4. e3 Be6 5. Nc3 c6 6. Ng5 Qd7 7. e4 h6 8. Nxe6
Qxe6 9. f3 Nbd7 10. Be2 b5 11. O-O Rd8 12. b3 Nb6 13. a4 b4 14. a5 bxc3 15.
axb6 c2 16. Qxc2 cxb3 17. Qc3 axb6 18. d5 Qd6 19. dxc6 e6 20. Qxb3 Qc7 21. Be3
Bc5 22. Bxc5 bxc5 23. Qb5 O-O 24. Qxc5 Ra8 25. Rxa8 Rxa8 26. Rd1 Kh7 27. Kh1
1-0

[Event "0MCR_3DE_1L_3S"]
[Site "?"]
[Date "2003.??.??"]
[Round "?"]
[White "Stancl, Vladimir"]
[Black "Nepustil, Frantisek"]
[Result "0-1"]
[WhiteElo "2285"]
[BlackElo "2000"]
[PlyCount "72"]
[EventDate "2003.??.??"]
[EventType "corr"]
[EventRounds "2"]
[SourceDate "2004.06.03"]

1. Nf3 g6 2. g3 Bg7 3. Bg2 d6 4. d3 e5 5. e4 Nc6 6. c3 Nge7 7. O-O O-O 8. h3 f5
9. Qb3+ Kh8 10. Nbd2 h6 11. h4 fxe4 12. dxe4 Ng8 13. Re1 Nf6 14. a4 Qe7 15. Qc2
Be6 16. Qd3 a6 17. b4 Qf7 18. Rb1 b6 19. c4 a5 20. b5 Nb4 21. Qb3 Nd7 22. Ba3
Nc5 23. Qd1 g5 24. hxg5 hxg5 25. Rf1 Qh5 26. Bxb4 axb4 27. Rxb4 Rf6 28. Qe2
Raf8 29. Qe3 Bh6 30. Qc3 Bh3 31. Rbb1 Nxa4 32. Qa3 g4 33. Nh4 Bxg2 34. Kxg2 Nc5
35. Qc3 Bxd2 36. Qxd2 Nxe4 0-1

[Event "0MCR_3DE_1L_3S"]
[Site "?"]
[Date "2003.??.??"]
[Round "?"]
[White "Stancl, Vladimir"]
[Black "Prchly, Milos"]
[Result "0-1"]
[WhiteElo "2285"]
[BlackElo "2270"]
[PlyCount "80"]
[EventDate "2003.??.??"]
[EventType "corr"]
[EventRounds "2"]
[SourceDate "2004.06.03"]

1. Nf3 Nf6 2. g3 d5 3. Bg2 Bf5 4. O-O e6 5. d3 Be7 6. c3 O-O 7. h3 h6 8. g4 Bg6
9. Qb3 Nbd7 10. Be3 Qc8 11. c4 dxc4 12. Qxc4 Nd5 13. Bd2 c6 14. g5 hxg5 15.
Nxg5 Qd8 16. Qc1 e5 17. Nc3 Nf4 18. Bxf4 exf4 19. Nf3 Bd6 20. Ne4 Bc7 21. a4 a5
22. Qc3 Qe7 23. Rad1 Rfe8 24. Rfe1 Bxe4 25. dxe4 Nc5 26. e5 Bxe5 27. Nxe5 Qxe5
28. Qxe5 Rxe5 29. Rd4 g5 30. Bf3 Kf8 31. Red1 Ke7 32. Kh2 f5 33. Kg2 Rh8 34. b4
axb4 35. Rxb4 Ra8 36. Rdd4 Re6 37. Kf1 Rh6 38. Rdc4 Ra5 39. Bg2 Ke6 40. Ke1 f3
0-1

[Event "0MCR_3DE_1L_3S"]
[Site "?"]
[Date "2003.??.??"]
[Round "?"]
[White "Stancl, Vladimir"]
[Black "Schauer, Jiri"]
[Result "0-1"]
[WhiteElo "2285"]
[BlackElo "2140"]
[PlyCount "66"]
[EventDate "2003.??.??"]
[EventType "corr"]
[EventRounds "2"]
[SourceDate "2004.06.03"]

1. Nf3 Nf6 2. g3 d5 3. Bg2 c6 4. O-O g6 5. d3 Bg7 6. c3 O-O 7. h3 c5 8. Nbd2
Nc6 9. e4 d4 10. c4 e5 11. Kh2 Qe7 12. a3 Bd7 13. Ng1 Qd6 14. Ne2 a5 15. Nf3
Qb8 16. g4 a4 17. Ng3 Na5 18. Qe2 Nb3 19. Rb1 Qd6 20. g5 Ne8 21. h4 f6 22. Nd2
Nxc1 23. Rfxc1 fxg5 24. hxg5 Qe7 25. b4 axb3 26. Nxb3 b6 27. Qd2 Rf4 28. Kg1
Rxa3 29. Qb2 Ra4 30. Ra1 Rxa1 31. Qxa1 Qxg5 32. Qa8 h5 33. Ra1 h4 0-1

[Event "0MCR_3DE_1L_3S"]
[Site "?"]
[Date "2003.??.??"]
[Round "?"]
[White "Stancl, Vladimir"]
[Black "Schwarz, Jan"]
[Result "0-1"]
[WhiteElo "2285"]
[BlackElo "2230"]
[PlyCount "67"]
[EventDate "2003.??.??"]
[EventType "corr"]
[EventRounds "2"]
[SourceDate "2004.06.03"]

1. Nf3 c5 2. e4 d6 3. d4 cxd4 4. Nxd4 Nf6 5. Nc3 a6 6. f3 e6 7. Be3 b5 8. Qd2
b4 9. Na4 Nbd7 10. Bc4 d5 11. exd5 Ne5 12. Bb3 Nxd5 13. O-O Bb7 14. Bg5 Qc7 15.
c4 bxc3 16. Nxc3 Nxc3 17. Rac1 Bb4 18. bxc3 Bc5 19. Ba4+ Bc6 20. Bxc6+ Nxc6 21.
Kh1 O-O 22. Nxc6 Qxc6 23. Rfd1 Qa4 24. h3 h6 25. Bxh6 gxh6 26. Qxh6 Rfc8 27.
Qg5+ Kf8 28. Rd3 Be7 29. Qh6+ Ke8 30. Qh8+ Bf8 31. Rcd1 Qf4 32. a3 Rc4 33. a4
Rxa4 34. Qh5 0-1

[Event "0MCR_3DE_1L_3S"]
[Site "?"]
[Date "2003.??.??"]
[Round "?"]
[White "Stancl, Vladimir"]
[Black "Toman, Antonin"]
[Result "0-1"]
[WhiteElo "2285"]
[BlackElo "2205"]
[PlyCount "60"]
[EventDate "2003.??.??"]
[EventType "corr"]
[EventRounds "2"]
[SourceDate "2004.06.03"]

1. Nf3 d5 2. g3 Nf6 3. Bg2 e6 4. O-O c5 5. d3 b6 6. c3 Be7 7. Nbd2 O-O 8. h3
Nc6 9. b3 Qc7 10. Bb2 Bb7 11. d4 Rfd8 12. Rc1 Ne4 13. c4 Nxd2 14. Qxd2 dxc4 15.
Rxc4 Rac8 16. Rfc1 Qb8 17. d5 exd5 18. Rg4 d4 19. Qh6 Bf8 20. Qg5 Qd6 21. e4
Re8 22. Qd2 Rcd8 23. Re1 Bc8 24. Rf4 h6 25. h4 Qc7 26. e5 Nxe5 27. Nxe5 Rxe5
28. Rfe4 Rxe4 29. Bxe4 b5 30. b4 c4 0-1

[Event "0MCR_3DE_1L_3S"]
[Site "?"]
[Date "2003.??.??"]
[Round "?"]
[White "Toman, Antonin"]
[Black "Binas, Jindrich"]
[Result "1-0"]
[WhiteElo "2205"]
[BlackElo "2220"]
[PlyCount "37"]
[EventDate "2003.??.??"]
[EventType "corr"]
[EventRounds "2"]
[SourceDate "2004.06.03"]

1. e4 c5 2. b3 b6 3. Nf3 Bb7 4. Nc3 e6 5. Bb2 d6 6. d4 cxd4 7. Nxd4 Nf6 8. Bd3
Be7 9. O-O O-O 10. f4 Nbd7 11. b4 a6 12. Kh1 Qc7 13. a3 b5 14. Qe2 Qb6 15. Nb3
Rac8 16. Na5 Ba8 17. e5 Ne8 18. Ne4 dxe5 19. fxe5 1-0

[Event "0MCR_3DE_1L_3S"]
[Site "?"]
[Date "2003.??.??"]
[Round "?"]
[White "Toman, Antonin"]
[Black "Hlavacek, Ladislav"]
[Result "1-0"]
[WhiteElo "2205"]
[BlackElo "2085"]
[PlyCount "91"]
[EventDate "2003.??.??"]
[EventType "corr"]
[EventRounds "2"]
[SourceDate "2004.06.03"]

1. e4 e5 2. Nf3 Nc6 3. Bb5 a6 4. Bxc6 dxc6 5. O-O Bg4 6. h3 Bh5 7. d3 Bd6 8.
Be3 Nf6 9. Nbd2 O-O 10. c3 a5 11. Re1 a4 12. Nf1 Nd7 13. Ng3 Bg6 14. b4 Qf6 15.
Rb1 b6 16. Nd2 Qe6 17. Qg4 Rfe8 18. Qxe6 Rxe6 19. Nf5 h6 20. Nc4 b5 21. Nd2 Rd8
22. Nf3 Bxf5 23. exf5 Re7 24. c4 Ree8 25. c5 Be7 26. Bc1 Bf6 27. Bb2 Kf8 28.
Re3 a3 29. Ba1 h5 30. Rbe1 g5 31. Kf1 g4 32. hxg4 hxg4 33. Nh2 Bg5 34. R3e2 Nf6
35. Bxe5 Rxe5 36. Rxe5 Bd2 37. Rb1 Bc3 38. Re3 Rd4 39. Rb3 Bxb4 40. Re5 Bd2 41.
Rxa3 Bf4 42. Re2 Bxh2 43. g3 Rd5 44. Kg2 Bxg3 45. Kxg3 Rxf5 46. d4 1-0

[Event "0MCR_3DE_1L_3S"]
[Site "?"]
[Date "2003.??.??"]
[Round "?"]
[White "Toman, Antonin"]
[Black "Nepustil, Frantisek"]
[Result "1/2-1/2"]
[WhiteElo "2205"]
[BlackElo "2000"]
[PlyCount "62"]
[EventDate "2003.??.??"]
[EventType "corr"]
[EventRounds "2"]
[SourceDate "2004.06.03"]

1. e4 d5 2. exd5 Nf6 3. d4 Nxd5 4. Nf3 g6 5. Be2 Bg7 6. O-O Nc6 7. c4 Nb6 8. d5
Ne5 9. Nc3 e6 10. Nxe5 Bxe5 11. Be3 O-O 12. Bd4 Bf4 13. b3 Re8 14. Re1 e5 15.
Be3 Bxe3 16. fxe3 Qe7 17. Rf1 f5 18. a3 a5 19. e4 Qc5+ 20. Kh1 Rf8 21. Qe1 Bd7
22. Bd3 f4 23. Qf2 Qxf2 24. Rxf2 c5 25. Be2 Nc8 26. g3 fxg3 27. Rxf8+ Kxf8 28.
hxg3 Nd6 29. Kg2 h5 30. Kf2 Ke7 31. Ke3 b6 1/2-1/2

[Event "0MCR_3DE_1L_3S"]
[Site "?"]
[Date "2003.??.??"]
[Round "?"]
[White "Toman, Antonin"]
[Black "Prchly, Milos"]
[Result "1/2-1/2"]
[WhiteElo "2205"]
[BlackElo "2270"]
[PlyCount "100"]
[EventDate "2003.??.??"]
[EventType "corr"]
[EventRounds "2"]
[SourceDate "2004.06.03"]

1. e4 e5 2. Nf3 Nf6 3. Nxe5 d6 4. Nf3 Nxe4 5. d4 d5 6. Bd3 Be7 7. O-O Nc6 8. c4
Nb4 9. cxd5 Nxd3 10. Qxd3 Qxd5 11. Re1 Bf5 12. Nc3 Nxc3 13. Qxc3 Be6 14. Re5
Qc6 15. Qe1 O-O-O 16. Bg5 Bxg5 17. Nxg5 Rxd4 18. Nxe6 fxe6 19. Rxe6 Qb5 20. Qc3
Qd5 21. Rae1 Rd1 22. Re7 Rxe1+ 23. Rxe1 h6 24. g3 Qd7 25. Qc5 b6 26. Qc3 Rd8
27. Rc1 Kb8 28. a4 g5 29. b4 h5 30. b5 h4 31. h3 hxg3 32. fxg3 Qd4+ 33. Qxd4
Rxd4 34. Rc6 Rxa4 35. Rg6 a5 36. bxa6 Ra5 37. Kf2 Ka7 38. Rc6 Rf5+ 39. Ke3 Rf7
40. Rg6 Rh7 41. Rxg5 Rxh3 42. Kf4 c5 43. g4 c4 44. Rg8 c3 45. Rc8 b5 46. g5 b4
47. g6 Rh1 48. g7 Rg1 49. Rc4 Rxg7 50. Rxb4 Kxa6 1/2-1/2

[Event "0MCR_3DE_1L_3S"]
[Site "?"]
[Date "2003.??.??"]
[Round "?"]
[White "Toman, Antonin"]
[Black "Schauer, Jiri"]
[Result "1-0"]
[WhiteElo "2205"]
[BlackElo "2140"]
[PlyCount "121"]
[EventDate "2003.??.??"]
[EventType "corr"]
[EventRounds "2"]
[SourceDate "2004.06.03"]

1. e4 e5 2. Nf3 Nc6 3. Bb5 a6 4. Bxc6 dxc6 5. O-O Qd6 6. d4 f6 7. dxe5 fxe5 8.
Qe2 Bg4 9. h3 Bh5 10. Nbd2 Qf6 11. Qe3 Bd6 12. Nh2 Ne7 13. Nc4 O-O 14. Qg3 Qe6
15. Qb3 Rad8 16. Bg5 Rd7 17. Na5 Qxb3 18. axb3 Rb8 19. Nc4 c5 20. f3 Nc6 21.
Rfd1 h6 22. Bh4 g5 23. Bg3 Rbd8 24. Ng4 Bxg4 25. hxg4 Kf7 26. c3 Ke6 27. Kf2
Bf8 28. Rxd7 Rxd7 29. Ke2 Kf6 30. Ne3 Ne7 31. Be1 Ng6 32. g3 Ne7 33. Bf2 Rd8
34. Nc4 Nc6 35. Be3 Bd6 36. Rh1 Kg6 37. Rd1 Kf6 38. Nxd6 cxd6 39. f4 exf4 40.
gxf4 gxf4 41. Bxf4 Ne5 42. Rd5 Nf7 43. Bxh6 Re8 44. Kf3 Nxh6 45. g5+ Kg6 46.
gxh6 Re6 47. e5 dxe5 48. Rxc5 b6 49. Rc8 Kxh6 50. Ke4 Kg7 51. b4 Kf7 52. c4 Ke7
53. Ra8 Rc6 54. b3 b5 55. c5 Kd7 56. Kd5 Rh6 57. Ra7+ Kd8 58. c6 e4 59. Kc5 Re6
60. Rd7+ Kc8 61. Kb6 1-0

[Event "0MCR_3DE_1L_3S"]
[Site "?"]
[Date "2003.??.??"]
[Round "?"]
[White "Toman, Antonin"]
[Black "Schwarz, Jan"]
[Result "0-1"]
[WhiteElo "2205"]
[BlackElo "2230"]
[PlyCount "98"]
[EventDate "2003.??.??"]
[EventType "corr"]
[EventRounds "2"]
[SourceDate "2004.06.03"]

1. e4 e5 2. Nf3 Nc6 3. Bb5 a6 4. Bxc6 dxc6 5. O-O Qd6 6. d4 exd4 7. Nxd4 Bd7 8.
Na3 O-O-O 9. Nc4 Qf6 10. c3 c5 11. Nf3 Bg4 12. Qe2 Ne7 13. h3 Bxf3 14. Qxf3
Qxf3 15. gxf3 Ng6 16. f4 b5 17. Na5 Re8 18. f3 c4 19. a4 f5 20. e5 Bc5+ 21. Kg2
Rd8 22. axb5 axb5 23. Nc6 Rd3 24. Na7+ Bxa7 25. Rxa7 Kd7 26. Kf2 Rb8 27. Rg1 b4
28. cxb4 Rxb4 29. Ra3 Ke6 30. h4 Rxa3 31. bxa3 Rb1 32. h5 Ne7 33. Ke2 c5 34.
Kd2 Nc6 35. Rxg7 Nd4 36. Rxh7 Nb3+ 37. Kc3 Rxc1+ 38. Kb2 Rf1 39. Rh6+ Kd7 40.
Kc3 Na5 41. Rd6+ Kc7 42. Rd5 Rxf3+ 43. Kb2 Kc6 44. Rd1 Nb3 45. a4 Nd4 46. Rc1
Rxf4 47. Rxc4 Kd5 48. Rc3 Rf2+ 49. Ka3 Rh2 0-1

[Event "0MCR_3DE_1L_3S"]
[Site "?"]
[Date "2003.??.??"]
[Round "?"]
[White "Toman, Antonin"]
[Black "Stancl, Vladimir"]
[Result "1-0"]
[WhiteElo "2205"]
[BlackElo "2285"]
[PlyCount "83"]
[EventDate "2003.??.??"]
[EventType "corr"]
[EventRounds "2"]
[SourceDate "2004.06.03"]

1. e4 Nc6 2. Nc3 Nf6 3. d4 d6 4. Bg5 h6 5. Bh4 e5 6. dxe5 Nxe5 7. f4 Ng6 8. Bg3
Be7 9. f5 Ne5 10. Nf3 Nc6 11. Qd2 O-O 12. O-O-O Re8 13. Bd3 Nd7 14. Rhe1 Nde5
15. Nd5 Bd7 16. Kb1 a6 17. Nxe5 Nxe5 18. Bxe5 dxe5 19. Qf2 Bc6 20. Bc4 Bxd5 21.
Bxd5 Qc8 22. Qg3 c6 23. Bb3 Qc7 24. Rd3 Rad8 25. Qg6 Bf6 26. Rg3 Kf8 27. Qh5 b5
28. Rc3 Rd6 29. Rd1 Red8 30. Rxd6 Rxd6 31. a3 Qd7 32. h4 a5 33. a4 bxa4 34.
Bxa4 Kg8 35. Ka2 Kh7 36. g3 Bd8 37. Bb3 Kg8 38. g4 a4 39. Bc4 Ba5 40. Ra3 c5
41. g5 Rb6 42. Rd3 1-0